MARC details
| 000 -LEADER |
| fixed length control field |
00917nam a2200205Ia 4500 |
| 003 - CONTROL NUMBER IDENTIFIER |
| control field |
IN-BaIIA |
| 008 - FIXED-LENGTH DATA ELEMENTS--GENERAL INFORMATION |
| fixed length control field |
211028s9999 xx 000 0 eng d |
| 040 ## - CATALOGING SOURCE |
| Transcribing agency |
IIA Library |
| 080 ## - UNIVERSAL DECIMAL CLASSIFICATION NUMBER |
| Universal Decimal Classification number |
524.352(083.8) |
| Item number |
SUP |
| 100 ## - MAIN ENTRY--PERSONAL NAME |
| Personal name |
Srinivasan, G. |
| 9 (RLIN) |
15503 |
| 111 ## - MAIN ENTRY--MEETING NAME |
| Meeting name or jurisdiction name as entry element |
Academy Workshop on Supernova, their Progenitors and Remnants |
| Location of meeting |
Raman Research Institute, Bangalore |
| Date of meeting or treaty signing |
1984 Oct. 29- Nov. 2 |
| 9 (RLIN) |
15504 |
| 245 #0 - TITLE STATEMENT |
| Title |
Supernova, their progenitors and remnants |
| Remainder of title |
proceedings of the academy workshop on supernova, their progenitors and remnants, held in Raman Research Institute, Bangalore, October 29- November 2, 1984 |
| Statement of responsibility, etc. |
G. Srinivasan |
| 260 ## - PUBLICATION, DISTRIBUTION, ETC. |
| Place of publication, distribution, etc. |
Bangalore |
| Name of publisher, distributor, etc. |
Indian Academy of Sciences |
| Date of publication, distribution, etc. |
1985 |
| 300 ## - PHYSICAL DESCRIPTION |
| Extent |
v, 178p. |
| 650 ## - SUBJECT ADDED ENTRY--TOPICAL TERM |
| Topical term or geographic name entry element |
Astronomy and astrophysics thesaurus |
| 650 ## - SUBJECT ADDED ENTRY--TOPICAL TERM |
| Topical term or geographic name entry element |
Progenitors |
| 9 (RLIN) |
15505 |
| 650 ## - SUBJECT ADDED ENTRY--TOPICAL TERM |
| Topical term or geographic name entry element |
Supernova remnants |
| 9 (RLIN) |
6675 |
| 650 ## - SUBJECT ADDED ENTRY--TOPICAL TERM |
| Topical term or geographic name entry element |
Supernovae |
| 9 (RLIN) |
1357 |
| 942 ## - ADDED ENTRY ELEMENTS (KOHA) |
| Koha item type |
Books |